| 000 | 00659nam 22002053 4500 | ||
|---|---|---|---|
| 001 | 202831 | ||
| 021 |
_aPT _b90842/95 |
||
| 090 | _a202831 | ||
| 100 | _a20260701d u||y0pory50 ba | ||
| 200 |
_aExtensão cultural e publicações _einformação _fUniversidade dos Açores |
||
| 210 |
_aPonta Delgada _cU.A. _d1995 |
||
| 215 |
_a157, [3] p. _cbrochado _d24 cm |
||
| 300 | _aContém nota do Prof. Dr. Almeida Faria na folha de guarda | ||
| 606 |
_91098 _aEducação _xEnsino |
||
| 610 | _aUniversidade | ||
| 675 |
_a378.4(469.9)(05) _vPT _zpor |
||
| 710 |
_917681 _aUniversidade dos Açores |
||
| 801 |
_aPT _bBMMN _gRPC |
||
| 830 |
_cAna Falardo _fAna Falardo |
||
| 990 | _cLIVROS | ||